[Event "Azov"]
[Site "Azov"]
[Date "1995.??.??"]
[Round "11"]
[White "Poluljahov, Aleksandr"]
[Black "Pushkov, Nikolai"]
[Result "1/2-1/2"]
[WhiteElo "2450"]
[BlackElo "2505"]

1.d4 Nf6 2.c4 e6 3.Nf3 b6 4.Nc3 Bb7 5.a3 d5 6.Bg5 Be7 7.Qa4+ c6 8.Bxf6 Bxf6
9.cxd5 exd5 10.g3 O-O 11.Bg2 Na6 12.O-O Nc7 13.Rfd1 Re8 14.e3 g6 15.Rac1 Re7
16.Ne2 Nb5 17.Nf4 Nd6 18.h4 Nc4 19.Qc2 a5 20.a4 Rc8 21.Nh2 Nd6 22.Qb3 Bg7
23.Rc2 Ne4 24.h5 Re8 25.hxg6 hxg6 26.Rdc1 Nd6 27.Bh3 Rb8 28.Nf3 Nc4 29.Qd3 Nd6
30.Qb3 Nc4 31.Qd3 Nd6 32.b3 Ne4 33.Rxc6 Bxc6 34.Rxc6 Bh6 35.Ne5 Bxf4 36.exf4 Kg7
37.f5 Nf6 38.Nxg6 Rc8 39.Rxc8 Qxc8 40.Nf4 Ng4 41.Bf1 Re4 42.Qb5 Qxf5 43.Qxb6 Re1
44.Qc7 Kh6 45.Qc5 Nxf2  1/2-1/2

[Event "Balatonbereny-C"]
[Site "Balatonbereny"]
[Date "1995.??.??"]
[Round "2"]
[White "Kahn, Evarth"]
[Black "Gross, David2"]
[Result "0-1"]
[WhiteElo "2350"]
[BlackElo "2240"]

1.d4 Nf6 2.c4 e6 3.Nf3 b6 4.Nc3 Bb4 5.Qb3 c5 6.a3 Bxc3+ 7.Qxc3 cxd4 8.Qxd4 O-O
9.g3 Nc6 10.Qh4 Na5 11.Bg2 Bb7 12.Be3 Rc8 13.Rc1 Be4 14.Bg5 d5 15.Ne5 h6
16.Bxf6 Qxf6 17.Qxf6 gxf6 18.Nd7 Bxg2 19.Rg1 Be4 20.Nxf8 Kxf8 21.f3 Bg6 22.Kf2 Rxc4
23.Rxc4 Nxc4 24.b3 Nxa3 25.Ra1 Nb5 26.b4 Ke7 27.h4 Kd6 28.Rc1 Nc7 29.g4 f5
30.h5 Bh7 31.g5 hxg5 32.f4 gxf4 33.Rg1 Ne8 34.Ra1 a5 35.bxa5 bxa5 36.Rxa5 Nf6
37.Ra7 Nxh5 38.Rxf7 Bg6 39.Ra7 Nf6 40.Kf3 Ke5  0-1

[Event "Balatonbereny-B"]
[Site "Balatonbereny"]
[Date "1995.??.??"]
[Round "3"]
[White "Frosch, Erich"]
[Black "Orso, Miklos"]
[Result "1/2-1/2"]
[WhiteElo "2265"]
[BlackElo "2400"]

1.d4 Nf6 2.c4 e6 3.Nf3 b6 4.Nc3 Bb7 5.a3 d5 6.Bg5 Be7 7.e3 O-O 8.Rc1 Nbd7
9.Be2 h6 10.Bh4 c5 11.cxd5 exd5 12.O-O Re8 13.dxc5 bxc5 14.Bb5 a6 15.Ba4 Rf8
16.Bc2 Qb6 17.Bf5 Qd8 18.Na4 g6 19.Bb1 Rc8 20.Ba2 c4 21.Qd4 Re8 22.Qa7 Qc7
23.Bg3 Qc6 24.b3 Ra8 25.Qd4 Bxa3 26.Rcd1 Ne4 27.Qa1 c3 28.Nd4 Qc8 29.Bb1 Bb4
30.Bxe4 dxe4 31.Rc1 Qd8 32.Nxc3 h5 33.h3 Ne5 34.Na4 Nd3 35.Rc7 Re7 36.Rc4 Bd5
37.Rxb4 Nxb4 38.Bh4 Qd6 39.Bxe7 Qxe7 40.Nb6 Rd8 41.Qa3 Qd6 42.Qa5 Rb8  1/2-1/2

[Event "Regionalliga NW9596"]
[Site "Bayern"]
[Date "1995.??.??"]
[Round "?"]
[White "Neubert, Marcus"]
[Black "Schumacher, Albrecht"]
[Result "1-0"]
[WhiteElo "2020"]
[BlackElo "2125"]

1.d4 Nf6 2.Nf3 e6 3.c4 b6 4.Nc3 Bb4 5.e3 Bb7 6.Bd3 O-O 7.O-O d5 8.cxd5 exd5
9.Ne5 Nbd7 10.f4 Ne4 11.Nxe4 dxe4 12.Bc4 Qe7 13.Qa4 Nf6 14.Nc6 Bxc6 15.Qxc6 Rad8
16.a3 Bd6 17.b4 Qd7 18.Bb5 Qf5 19.Bd2 Nd5 20.Bc4 Ne7 21.Qa4 Ra8 22.b5 Rfc8
23.Rfc1 Ng6 24.Qb3 Nh4 25.Be1 Be7 26.Bd5 Rab8 27.Ra2 Qg6 28.Rc6 Qf5 29.Rac2 Ng6
30.Rxc7 Rxc7 31.Rxc7  1-0

[Event "Regionalliga SO9596"]
[Site "Bayern"]
[Date "1995.??.??"]
[Round "?"]
[White "Piljic, Srecko"]
[Black "Kessler, Horst"]
[Result "1-0"]
[WhiteElo "2120"]
[BlackElo "1890"]

1.d4 Nf6 2.c4 e6 3.Nf3 b6 4.Nc3 Bb7 5.g3 Be7 6.Bg2 O-O 7.O-O Ne4 8.Qc2 Nxc3
9.bxc3 c6 10.e4 d5 11.cxd5 cxd5 12.e5 Nc6 13.Rd1 Ba6 14.h4 Na5 15.Bf1 Bxf1
16.Kxf1 Qd7 17.Kg2 Rfc8 18.Rd3 Rc7 19.Ng5 h6 20.Nf3 Rac8 21.Rb1 Nc4 22.g4 Na3
23.Bxa3 Bxa3 24.g5 h5 25.g6 fxg6 26.Re3 Be7 27.Qxg6 Rxc3 28.Rxc3 Rxc3 29.Qxh5 Bd8
30.Ng5 Bxg5 31.hxg5 Qf7 32.g6 Qf5 33.Qxf5 exf5 34.Rb5 Rd3 35.Rxd5 Kf8 36.Rd7 a5
37.d5 Ke8 38.e6 b5 39.f4 b4 40.Rxg7 Rxd5 41.Rf7 Rd2+ 42.Kg3 Rd1 43.g7  1-0

[Event "Regionalliga SW9596"]
[Site "Bayern"]
[Date "1995.??.??"]
[Round "?"]
[White "Louis, Peter"]
[Black "Huber, Ernst"]
[Result "1/2-1/2"]
[WhiteElo "2010"]
[BlackElo "2050"]

1.d4 Nf6 2.Nf3 e6 3.c4 b6 4.Nc3 Bb4 5.Bg5 Bb7 6.Qd3 d6 7.g3 Nbd7 8.Bg2 Qe7
9.O-O Bxc3 10.Qxc3 O-O 11.Nd2 Bxg2 12.Kxg2 h6 13.Bxf6 Qxf6 14.e4 c5 15.d5 Qxc3
16.bxc3 e5 17.a4 g6 18.f3 a6 19.Rfb1 Rfb8 20.Rb2 Kf8 21.Rab1 Ke7 22.h3  1/2-1/2

[Event "Regionalliga SW9495"]
[Site "Bayern"]
[Date "1995.??.??"]
[Round "5"]
[White "Stoppa, Detlef"]
[Black "Marschner, Guenter"]
[Result "1/2-1/2"]
[WhiteElo "1905"]
[BlackElo "1935"]

1.d4 e6 2.c4 Nf6 3.Nf3 b6 4.Nc3 Bb4 5.Bg5 h6 6.Bxf6 Bxc3+ 7.bxc3 Qxf6 8.e4 d6
9.Bd3 Bb7 10.O-O O-O 11.Qc2 Nc6 12.Nd2 e5 13.d5 Ne7 14.Nb3 Ng6 15.g3 Bc8
16.f3 Qg5 17.Kh1 f5 18.exf5 Bxf5 19.Bxf5 Rxf5  1/2-1/2

[Event "Belgrade Minex"]
[Site "Belgrade"]
[Date "1995.??.??"]
[Round "8"]
[White "Nestorovic, Dejan"]
[Black "Shneider, Aleksandr"]
[Result "1-0"]
[WhiteElo "2415"]
[BlackElo "2530"]

1.d4 Nf6 2.c4 e6 3.Nf3 b6 4.Nc3 Bb4 5.Bg5 Bb7 6.e3 h6 7.Bh4 Bxc3+ 8.bxc3 d6
9.Nd2 Nbd7 10.f3 Qe7 11.e4 g5 12.Bf2 O-O-O 13.Qa4 Kb8 14.c5 dxc5 15.Ba6 Bxa6
16.Qxa6 cxd4 17.cxd4 c5 18.Nb3 cxd4 19.Bxd4 Qb4+ 20.Kf2 e5 21.Be3 Rc8 22.Rhc1 g4
23.Rab1 gxf3 24.gxf3 Nxe4+ 25.fxe4 Qxe4 26.Qe2 Nf6 27.Qf3 Ng4+ 28.Ke2 Qxf3+
29.Kxf3 f5 30.h3 Nxe3 31.Kxe3 Rhg8 32.Kf3 Rgd8 33.Kg3 Rd3+ 34.Kh4 a5 35.Rb2 a4
36.Rxc8+ Kxc8 37.Nc1 Rc3 38.Ne2 Ra3 39.Ng3 f4 40.Nf5 Kc7 41.Nxh6 e4 42.Nf7 Re3
43.Ng5 a3 44.Rd2 Kc6 45.Kg4 f3 46.Kg3 Re1 47.Kf2 Rh1 48.Nxe4 Rxh3 49.Ke3 b5
50.Rf2 b4 51.Nd2 Rh1 52.Kd3 Rc1 53.Nxf3 Rc3+ 54.Kd2 Kd5 55.Rf1 Ke4 56.Ng5+ Ke5
57.Re1+ Kd5 58.Ne4 Rh3 59.Kc2 b3+ 60.axb3 Kd4 61.Nd2 Rc3+ 62.Kb1 Kd3 63.Ka2 Kxd2
64.Rh1 Rc8 65.b4 Kd3 66.Kxa3 Ra8+ 67.Kb3 Kd4 68.Rc1 Ke5 69.b5  1-0

[Event "Bled op"]
[Site "Bled"]
[Date "1995.??.??"]
[Round "4"]
[White "Mikhalchishin, Adrian"]
[Black "Soffer, Ram"]
[Result "1/2-1/2"]
[WhiteElo "2500"]
[BlackElo "2535"]

1.d4 Nf6 2.c4 e6 3.Nf3 b6 4.Nc3 Bb4 5.e3 Ne4 6.Qc2 Bb7 7.Bd2 Bxc3 8.Bxc3 O-O
9.Be2 d6 10.O-O Nd7 11.Nd2 f5 12.f3 Nxc3 13.Qxc3 e5 14.b4 a5 15.a3 exd4 16.Qxd4 Qe7
17.Rfe1 axb4 18.axb4 c5 19.bxc5 bxc5  1/2-1/2

[Event "Bled op"]
[Site "Bled"]
[Date "1995.??.??"]
[Round "9"]
[White "Gostisa, Leon"]
[Black "Mencinger, Vojko"]
[Result "1-0"]
[WhiteElo "2420"]
[BlackElo "2385"]

1.d4 Nf6 2.c4 e6 3.Nf3 b6 4.Nc3 Bb7 5.Bg5 Bb4 6.e3 h6 7.Bh4 Bxc3+ 8.bxc3 d6
9.Nd2 Nbd7 10.f3 Qe7 11.Bd3 e5 12.e4 Nf8 13.Bf2 Ne6 14.Nf1 Nf4 15.Ne3 g6
16.Qa4+ Nd7 17.Bf1 c6 18.Rd1 O-O 19.g3 Ne6 20.Bg2 exd4 21.cxd4 c5 22.dxc5 Nexc5
23.Qc2 f5 24.exf5 Ne5 25.Qe2 gxf5 26.O-O Rae8 27.Nd5 Qf7 28.Qc2 b5 29.Qd2 bxc4
30.Qxh6 Ncd3 31.Qg5+ Qg7 32.Qxg7+ Kxg7 33.f4 Nxf2 34.Rxf2 Nd3 35.Rfd2 Re1+
36.Rxe1 Nxe1 37.Rb2 Rf7 38.Bh1 Bxd5 39.Bxd5 Rc7 40.Re2 Nd3 41.h3 a5 42.Kf1 a4
43.a3 Rc5 44.Be6 c3 45.Rc2 Kf6 46.Ba2 Ke7 47.Ke2 Nb2 48.Ke3 Kd7 49.Rc1 Kc6
50.g4 fxg4 51.hxg4 Nc4+ 52.Kd3 Nxa3 53.g5 d5 54.g6 Kd6 55.g7 Rc8 56.Rxc3 Rg8
57.Rxa3 Rxg7 58.Rxa4 Rg3+ 59.Kd4 Ke6 60.Bb1 Rg1 61.Ra6+ Ke7 62.Bd3 Rd1 63.Ra5 Ke6
64.f5+ Kf6 65.Rxd5 Re1 66.Rd6+ Ke7 67.Rb6 Rd1 68.Ke3 Re1+ 69.Kf4 Rc1 70.Be4 Rc5
71.Re6+ Kf7 72.Re5 Rc1 73.Rb5 Rf1+ 74.Ke5 Re1 75.Rb1 Re2 76.Rb7+ Kg8 77.f6 Re1
78.Ra7 Kf8 79.Kf5 Rd1  1-0

[Event "RUS-chT"]
[Site "Briansk"]
[Date "1995.??.??"]
[Round "1"]
[White "Nikuljshin, Konstantin"]
[Black "Obukhov, Alexander"]
[Result "1/2-1/2"]
[WhiteElo "2385"]
[BlackElo "2445"]

1.d4 Nf6 2.c4 e6 3.Nf3 b6 4.Nc3 Bb4 5.Bg5 h6 6.Bh4 Bb7 7.e3 g5 8.Bg3 Ne4
9.Qc2 Bxc3+ 10.bxc3 Nxg3 11.hxg3 Qf6 12.Be2 d6 13.O-O h5 14.Nd2 h4 15.Bf3 Bxf3
16.Nxf3 Nd7 17.Qe4 Ke7 18.g4 h3 19.g3 c6 20.Nd2 Rac8 21.Kh2 Qg6 22.Qxg6 fxg6
23.a4 a5 24.Rab1 Rc7 25.Rfc1 d5 26.Re1 Rf8 27.Re2 dxc4 28.Nxc4 b5 29.axb5 cxb5
30.Nxa5 Nf6 31.Rxb5 Nxg4+ 32.Kxh3 Nxf2+ 33.Kg2 Ne4 34.Rb7 Rxb7 35.Nxb7 Nxc3
36.Rf2 Ra8 37.Nc5 Nd1 38.Re2 Ra3 39.Kf3 g4+ 40.Kf4 Nc3 41.Re1 Nd5+ 42.Kxg4 Rxe3
43.Rxe3 Nxe3+ 44.Kf4  1/2-1/2

[Event "RUS-chT"]
[Site "Briansk"]
[Date "1995.??.??"]
[Round "6"]
[White "Nikuljshin, Konstantin"]
[Black "Gagarin, Vasilij"]
[Result "1/2-1/2"]
[WhiteElo "2385"]
[BlackElo "2440"]

1.d4 Nf6 2.c4 e6 3.Nf3 b6 4.Nc3 Bb4 5.Bg5 Bb7 6.e3 h6 7.Bh4 g5 8.Bg3 Ne4
9.Qc2 Bxc3+ 10.bxc3 Nxg3 11.fxg3 d6 12.Bd3 Nd7 13.Be4 Bxe4 14.Qxe4 O-O 15.O-O Qe7
16.Nd2 f5 17.Qd3 Qh7 18.Rf2 Rf7 19.Raf1 Raf8 20.Qc2 Nf6 21.Rf3 Ng4 22.h3 Nf6
23.Kh2 h5 24.d5 exd5 25.Kg1 Ne4 26.cxd5 g4 27.Nxe4 gxf3 28.Ng5 fxg2 29.Kxg2 Qg6
30.Nxf7 Rxf7 31.Rf4 a5 32.a4 Kg7 33.Qd3  1/2-1/2

[Event "RUS-sf"]
[Site "Briansk"]
[Date "1995.??.??"]
[Round "8"]
[White "Dukhov, Alexander"]
[Black "Kharlamov, Vladimir P"]
[Result "0-1"]
[WhiteElo "2340"]
[BlackElo "2390"]

1.d4 Nf6 2.c4 e6 3.Nf3 b6 4.Nc3 Bb7 5.Bg5 h6 6.Bh4 Be7 7.e3 d6 8.Be2 O-O
9.O-O Nbd7 10.Nd2 c5 11.f3 cxd4 12.exd4 d5 13.Bf2 Rc8 14.Qb3 dxc4 15.Nxc4 Nd5
16.Rfd1 Nxc3 17.bxc3 Bd5 18.Qa4 Nf6 19.Rac1 Qe8 20.Qa6 Bxc4 21.Bxc4 Nd5 22.Bxd5 exd5
23.Qxa7 Bg5 24.Rc2 Qe6 25.Qa3 Rfe8 26.Kf1 Qf5 27.Qb2 Bf4 28.h3 Rc4 29.Re2 Rxe2
30.Kxe2 Qc8 31.Be1 Ra4 32.Ra1 Qc6 33.Kf1 b5 34.Qe2 Bd6 35.Rb1 Rc4 36.Rb2 Bc7
37.Rb3 Ba5 38.Qd3 Qe8 39.Qe2 Qc6 40.Qd3 Qe8 41.Qb1 b4 42.cxb4 Bb6 43.Qd1 Bxd4
44.Rd3 Bb6 45.Qe2 Qc6 46.Qe5 d4 47.Qe4 Qa4 48.Qe2 Rc1 49.a3 Ra1 50.Qe5 Qc2
51.Qe8+ Kh7 52.Qe4+ g6 53.Qe2 Qb1 54.f4 Ra2 55.Qe4 Rd2 56.Re3 dxe3  0-1

[Event "Budapest FS02 GM"]
[Site "Budapest"]
[Date "1995.??.??"]
[Round "3"]
[White "Lukacs, Peter"]
[Black "Czebe, Attila"]
[Result "1/2-1/2"]
[WhiteElo "2490"]
[BlackElo "2430"]

1.d4 Nf6 2.c4 e6 3.Nf3 b6 4.Nc3 Bb7 5.a3 g6 6.Qc2 Bg7 7.e4 d5 8.cxd5 exd5
9.e5 Ne4 10.Bd3 Nxc3 11.bxc3 c5 12.Qe2 O-O 13.O-O  1/2-1/2

[Event "Budapest FS08 GM"]
[Site "Budapest"]
[Date "1995.??.??"]
[Round "4"]
[White "Lukacs, Peter"]
[Black "Delchev, Aleksander"]
[Result "1/2-1/2"]
[WhiteElo "2480"]
[BlackElo "2455"]

1.d4 Nf6 2.c4 e6 3.Nf3 b6 4.Nc3 Bb7 5.a3 d5 6.Bg5 Nbd7 7.cxd5 exd5 8.Qa4 Be7
9.Bxf6 Bxf6 10.g3 O-O 11.Bh3 Nb8 12.O-O Nc6 13.Rad1 Re8 14.Rfe1 Na5 15.Qc2 Nc4
16.Bg2 g6  1/2-1/2

[Event "Budapest FS10 GM"]
[Site "Budapest"]
[Date "1995.??.??"]
[Round "4"]
[White "Lukacs, Peter"]
[Black "Van den Doel, Erik"]
[Result "1/2-1/2"]
[WhiteElo "2480"]
[BlackElo "2305"]

1.d4 Nf6 2.c4 e6 3.Nf3 b6 4.Nc3 Bb4 5.e3 Bb7 6.Bd3 O-O 7.O-O c5 8.Na4 cxd4
9.a3 Be7 10.exd4 Qc7 11.b4 a5 12.b5 d6 13.Be3 Nbd7 14.Rc1 Rfe8 15.Re1 Bf8
16.Nd2 e5 17.d5 g6 18.g3 Bg7 19.Bf1  1/2-1/2

[Event "Budapest FS12 IM"]
[Site "Budapest"]
[Date "1995.??.??"]
[Round "6"]
[White "Eperjesi, Laszlo"]
[Black "Sziraki, Tamas"]
[Result "1/2-1/2"]
[WhiteElo "2280"]
[BlackElo "2255"]

1.d4 Nf6 2.Nf3 e6 3.c4 b6 4.Nc3 Bb7 5.g3 g6 6.Bg2 Bg7 7.d5 d6 8.O-O O-O 9.e4 Nbd7
10.Rb1 Qe7 11.Re1 a5 12.b3 Ng4 13.Nb5 Nc5 14.a3 Ba6 15.Nfd4 Bxb5 16.Nxb5 Ne5
17.Bf1 Na6 18.Bb2 Nd7 19.Bxg7 Kxg7 20.b4 Rfc8 21.Nd4 Qf6 22.Re3 Re8 23.Rf3 Qe5
24.Nc6 Qh5 25.Be2 Qh6 26.Re3 Nf6 27.Qd4 e5 28.Qc3 axb4 29.axb4 Nb8 30.Ra1 Nxc6
31.dxc6 Qh3 32.Bf1 Qc8 33.Ree1 Rxa1 34.Qxa1 Qa8 35.Qxa8 Rxa8 36.f4 Ra4 37.b5 Ra8
38.fxe5 dxe5 39.c5 bxc5 40.Rc1 Nxe4 41.Bg2 Nd6 42.Rxc5 Kf6 43.g4 Rb8 44.Bf1 h6
45.h4 Re8 46.Rc1 Ke6 47.g5 hxg5 48.hxg5 Rb8 49.Ra1 Nc8 50.Bh3+ Ke7 51.Bxc8 Rxc8
52.Ra7 Kd6 53.Kf2 Rf8 54.Ke3 f5 55.gxf6 Rxf6 56.Ra8 Kc5 57.Rb8 Rf1 58.Rb7 Kd6
59.Rb8 Rb1 60.Rd8+ Kc5 61.Rc8 Kd6 62.Rd8+ Ke6 63.Re8+  1/2-1/2

[Event "Budapest FS09 GM"]
[Site "Budapest"]
[Date "1995.??.??"]
[Round "7"]
[White "Lukacs, Peter"]
[Black "Cao Sang"]
[Result "1/2-1/2"]
[WhiteElo "2480"]
[BlackElo "2420"]

1.d4 Nf6 2.c4 e6 3.Nf3 b6 4.Nc3 Bb7 5.a3 d5 6.Bg5 Be7 7.Qa4+ c6 8.Bxf6 Bxf6
9.cxd5 exd5 10.g3 O-O 11.Bg2 Nd7 12.O-O Re8 13.Rfd1 g6 14.e3 Kg7 15.Rac1 a5
16.Ne2 Rc8 17.b4 b5 18.Qb3 axb4 19.axb4 Nb6 20.Nf4 Ra8 21.Ra1 Qe7 22.Nd3 Nc4
23.Nc5 Rxa1 24.Rxa1 Bc8 25.Qa2  1/2-1/2

[Event "Budapest FS09 GM"]
[Site "Budapest"]
[Date "1995.??.??"]
[Round "9"]
[White "Lukacs, Peter"]
[Black "Lengyel, Levente"]
[Result "1/2-1/2"]
[WhiteElo "2480"]
[BlackElo "2365"]

1.d4 Nf6 2.c4 e6 3.Nf3 b6 4.Nc3 Bb4 5.Bg5 Bb7 6.e3 Bxc3+ 7.bxc3 d6 8.Nd2 h6
9.Bh4 Nbd7 10.f3 Qe7 11.Qa4 e5 12.e4 Qe6 13.Bd3 O-O 14.O-O Nh5 15.Rfe1 Nf4
16.Bf1 f5 17.exf5 Qxf5 18.Ne4 Kh8 19.Rad1  1/2-1/2

[Event "Budapest"]
[Site "Budapest"]
[Date "1995.??.??"]
[Round "9"]
[White "Petran, Pal"]
[Black "Lorincz, Istvan"]
[Result "1/2-1/2"]
[WhiteElo "2470"]
[BlackElo "2360"]

1.d4 Nf6 2.Nf3 e6 3.c4 b6 4.Nc3 Bb4 5.Bg5 h6 6.Bh4 Bb7 7.e3 c5 8.Qc2 cxd4
9.exd4 O-O 10.Be2 d6 11.O-O Nbd7 12.Rac1 Bxc3 13.Qxc3 g5 14.Bg3 Ne4 15.Qa3 Ndf6
16.Bd3 a5 17.Rfe1 Nxg3 18.hxg3 Rc8 19.Nd2 Qc7 20.b3 Qc6 21.Bf1 Rfd8 22.Qb2 d5
23.c5 Nd7 24.cxb6 Qxb6 25.Nf3 Ba6 26.Bxa6 Qxa6 27.Qd2 a4  1/2-1/2

[Event "HUN-ch"]
[Site "Budapest"]
[Date "1995.??.??"]
[Round "10"]
[White "Petran, Pal"]
[Black "Farago, Ivan"]
[Result "1/2-1/2"]
[WhiteElo "2470"]
[BlackElo "2515"]

1.d4 Nf6 2.c4 e6 3.Nf3 b6 4.Nc3 Bb4 5.Bg5 h6 6.Bh4 Bb7 7.e3 Bxc3+ 8.bxc3 d6
9.Nd2 g5 10.Bg3 Qe7 11.h4 Rg8 12.hxg5 hxg5 13.Qa4+ Nbd7 14.O-O-O c5 15.f3 O-O-O
16.Bd3 Kb8 17.Qb3 e5 18.Bf5 Ka8 19.Rh6 Rh8 20.Rdh1 Rxh6 21.Rxh6 Qf8 22.Rh1 Qg7
23.Qd1 cxd4 24.exd4 exd4 25.cxd4 d5 26.Qa4 dxc4 27.Bc7 Rc8 28.Be5 Bc6 29.Qxc6+ Rxc6
30.Bxd7 Rc7 31.Bf5 c3 32.Ne4 Qf8 33.Nxf6 Qa3+ 34.Kd1 c2+ 35.Bxc2 Rxc2 36.Kxc2 Qxa2+
37.Kd3 Qxg2 38.Rh8+ Kb7 39.Ke3 Qf1 40.Rb8+ Ka6 41.Ne4 f5 42.Nd6 Qe1+ 43.Kd3 Qd1+
44.Ke3 Qc2 45.f4 Qc1+ 46.Kd3 g4 47.d5 Qd1+ 48.Kc4 Qc2+ 49.Bc3 g3 50.Re8 Qa2+
51.Kd4 Qf2+ 52.Ke5 Qe3+ 53.Kxf5 Qxc3 54.Ne4 Qd3 55.Ke5 g2 56.Rg8 Qf1 57.d6 g1=Q
58.Rxg1 Qxg1 59.d7 Qg8 60.Ng5 Qb8+ 61.Kd5 b5 62.Ne6 b4 63.d8=Q Qxd8+ 64.Nxd8 b3
65.Ne6 b2 66.Nc5+ Kb5 67.Ne4 Kb4 68.Nd2 Kc3 69.Nb1+ Kc2 70.Na3+ Kb3 71.Nb1  1/2-1/2

[Event "Buenos Aires Clarin op"]
[Site "Buenos Aires"]
[Date "1995.??.??"]
[Round "7"]
[White "Vasquez, Rodrigo"]
[Black "Bielicki, Carlos"]
[Result "1-0"]
[WhiteElo "2515"]
[BlackElo "2320"]

1.d4 Nf6 2.c4 e6 3.Nf3 b6 4.Nc3 Bb4 5.Bg5 Bb7 6.e3 h6 7.Bh4 Bxc3+ 8.bxc3 d6
9.Nd2 Nbd7 10.f3 Qe7 11.e4 e5 12.Bd3 c5 13.d5 Nf8 14.Bf2 Bc8 15.Nf1 Ng6 16.g3 Qd8
17.Ne3 Nh7 18.h4 Kd7 19.Nf5 Rg8 20.Qa4+ Kc7 21.Qc6+ Kb8 22.Qxd6+ Qxd6 23.Nxd6 Rf8
24.Ke2 Nf6 25.h5 Ne7 26.g4 Ba6 27.Bg3 Nd7 28.f4 f6 29.fxe5 Nxe5 30.Bxe5 fxe5
31.Rhf1 Kc7 32.Nf7 Ng8 33.Nxe5 Rae8 34.Rxf8 Rxf8 35.Ng6  1-0

[Event "Bytom op"]
[Site "Bytom"]
[Date "1995.??.??"]
[Round "?"]
[White "Bialy, Rafal"]
[Black "Helis, Tadeusz"]
[Result "0-1"]
[WhiteElo "2125"]
[BlackElo "2235"]

1.d4 Nf6 2.Nf3 e6 3.c4 b6 4.Nc3 Bb7 5.Bg5 Bb4 6.e3 h6 7.Bh4 O-O 8.Bd3 d6
9.O-O Bxc3 10.bxc3 Nbd7 11.Nd2 e5 12.f4 exd4 13.cxd4 Qe8 14.Re1 Ne4 15.f5 Ndf6
16.Bxf6 Nxf6 17.e4 Qc6 18.Bc2 a6 19.Re3 Rfe8 20.Qe2 Re7 21.Rf1 Rae8 22.Rff3 b5
23.Rc3 Qb6 24.c5 dxc5 25.dxc5 Qa5 26.Rfe3 b4 27.Nb3 Qxa2 28.Rc4 a5 29.Rd4 a4
30.Nc1 Qb2 31.Qd1 b3 32.Bxb3 axb3 33.Rxb3 Qa1 34.Rxb7 Nxe4 35.Ne2 Qa6 36.Rb1 Nxc5
37.Nf4 Qa7 38.Nd5 Re1+  0-1

[Event "Bytom op"]
[Site "Bytom"]
[Date "1995.??.??"]
[Round "?"]
[White "Obierak, Wladyslaw"]
[Black "Kempa, Stefan"]
[Result "1-0"]
[WhiteElo "2110"]
[BlackElo "2225"]

1.d4 Nf6 2.c4 e6 3.Nf3 b6 4.Nc3 Bb4 5.Bd2 O-O 6.Qc2 Bb7 7.Rd1 d5 8.g3 a6
9.cxd5 exd5 10.Bg2 Re8 11.O-O Nbd7 12.Ng5 Nf8 13.a3 Be7 14.Bc1 h6 15.Nf3 Bd6
16.Nh4 Ne6 17.Nf5 Bf8 18.Qb3 Rb8 19.Ne3 c6 20.Rfe1 b5 21.Nf5 a5 22.e4 b4
23.exd5 cxd5 24.axb4 axb4 25.Ne2 Qa5 26.Qf3 Qd8 27.h4 Ne4 28.Qg4 h5 29.Nh6+ Kh7
30.Qf5+ g6 31.Qxf7+ Bg7 32.Bh3 Re7 33.Bxe6 Rxf7 34.Nxf7 Qb6 35.Nf4 Bxd4 36.Rxe4 dxe4
37.Be3 Bxe3 38.Rd7 Bxf2+ 39.Kg2 Kg7 40.Nd6+ Kf6 41.Rf7+ Ke5 42.Nc4+ Kd4 43.Nxb6 e3+
44.Nbd5 Bc6 45.Rc7 Ba4 46.Ne2+ Ke5 47.Ndf4 Kd6 48.Ra7 Bc6+ 49.Kh2 Be4 50.Bc4 Kc5
51.b3 Kb6 52.Ra6+ Kc5 53.Ne6+  1-0

[Event "CAN-ch"]
[Site "CAN"]
[Date "1995.??.??"]
[Round "6"]
[White "Kiviaho, Bob"]
[Black "Taylor, Gordon"]
[Result "1/2-1/2"]
[WhiteElo "2230"]
[BlackElo "2320"]

1.d4 Nf6 2.c4 e6 3.Nf3 b6 4.Nc3 Bb7 5.a3 d5 6.cxd5 Nxd5 7.e3 Be7 8.Bb5+ c6
9.Bd3 O-O 10.Qc2 h6 11.e4 Nxc3 12.bxc3 Nd7 13.Bf4 c5 14.h4 cxd4 15.cxd4 Rc8
16.Qd2 Nf6 17.e5 Ne4 18.Qe3 Rc3 19.Ng5 hxg5 20.hxg5 Bxg5 21.Qh3 f6 22.Qh7+ Kf7
23.Bxe4 Bxe4 24.Qxe4 f5 25.Qb7+ Rc7 26.Qf3 Bxf4 27.Qxf4 Qd5 28.O-O Rd8 29.Rac1 Rxc1
30.Rxc1 Qxd4 31.Rc7+ Kg8 32.Rxg7+  1/2-1/2

[Event "Cannes op"]
[Site "Cannes"]
[Date "1995.??.??"]
[Round "4"]
[White "Solozhenkin, Evgeniy"]
[Black "Sokolov, Andrei"]
[Result "1/2-1/2"]
[WhiteElo "2480"]
[BlackElo "2575"]

1.d4 Nf6 2.c4 e6 3.Nf3 b6 4.Nc3 Bb7 5.a3 d5 6.Qc2 Be7 7.cxd5 Nxd5 8.Bd2 O-O
9.e4 Nxc3 10.Bxc3 c5 11.dxc5 bxc5 12.Rd1 Qb6 13.Ne5 Rd8 14.Rxd8+ Qxd8 15.Bb5 a6
16.Ba4 Qc7 17.O-O Nc6 18.Nxc6 Bxc6 19.Bxc6 Qxc6 20.Rd1  1/2-1/2

[Event "Cannes Masters"]
[Site "Cannes"]
[Date "1995.??.??"]
[Round "10"]
[White "Kalantarian, Norik"]
[Black "Lepelletier, Benoit"]
[Result "0-1"]
[WhiteElo "2460"]
[BlackElo "2385"]

1.d4 Nf6 2.c4 e6 3.Nf3 b6 4.Nc3 Bb7 5.Bg5 Bb4 6.e3 Bxc3+ 7.bxc3 d6 8.Nd2 Nbd7
9.f3 h6 10.Bh4 e5 11.e4 c5 12.Bd3 Nf8 13.Bc2 Ne6 14.dxe5 dxe5 15.Nf1 g5 16.Bf2 Nf4
17.Ne3 Qc7 18.O-O Rd8 19.Ba4+ Kf8 20.Qc2 Bc8 21.Nd5 N6xd5 22.cxd5 h5 23.c4 Qe7
24.Be3 Rd6 25.Rad1 Rg8 26.Rd2 Rf6 27.Qd1 Qd6 28.Kh1 Rgg6 29.Rdf2 g4 30.fxg4 hxg4
31.g3 Nh3 32.Rxf6 Rxf6 33.Kg2 Ke7 34.Bc2 Rxf1 35.Qxf1 Qg6 36.a4 Ng5 37.a5 Nxe4
38.axb6 axb6 39.Qa1 Qf5 40.Bd1 Nd6 41.Be2 Nxc4 42.Bh6 Na5 43.Qa4 Bd7 44.Qa2 Qe4+
45.Kf2 Qh1 46.d6+ Kxd6 47.Bf8+ Kc7 48.Bxc5 Qxh2+ 49.Kf1 Qxg3 50.Bb4 Qf4+
51.Kg1 Qxb4 52.Qxf7 Nc6 53.Qg7 Qe1+ 54.Bf1 Qg3+ 55.Bg2 Nd4 56.Kf1 Nf5 57.Qh7 Ne3+
58.Ke2 Nxg2 59.Qc2+ Kb7 60.Qe4+ Kb8 61.Qh7 Qe1+ 62.Kd3 Qb1+  0-1

[Event "Cappelle op"]
[Site "Cappelle la Grande"]
[Date "1995.??.??"]
[Round "2"]
[White "Vokac, Marek"]
[Black "Romanishin, Oleg M"]
[Result "1/2-1/2"]
[WhiteElo "2475"]
[BlackElo "2595"]

1.d4 Nf6 2.c4 e6 3.Nf3 b6 4.Nc3 Bb7 5.a3 g6 6.Bg5 Bg7 7.Bh4 O-O 8.e4 d6 9.Bd3 Nbd7
10.O-O e5 11.Re1 exd4 12.Nxd4 Qc8 13.Bf1 Re8 14.f3 c6 15.Qd2 a6 16.Rad1 b5
17.cxb5 axb5 18.Kh1 Nb6 19.Ndxb5 cxb5 20.Nxb5 Qb8 21.Nxd6 Re6 22.Nxb7 Qxb7
23.Bf2 Ne8  1/2-1/2

[Event "Ceske Budejovice op"]
[Site "Ceske Budejovice"]
[Date "1995.??.??"]
[Round "2"]
[White "Vokac, Marek"]
[Black "Rehorek, Martin"]
[Result "1-0"]
[WhiteElo "2475"]
[BlackElo "2335"]

1.d4 Nf6 2.c4 e6 3.Nf3 b6 4.Nc3 Bb7 5.a3 d5 6.cxd5 Nxd5 7.Qc2 c5 8.e4 Nxc3
9.bxc3 Be7 10.Bb5+ Bc6 11.Bd3 Nd7 12.O-O Qc7 13.Qe2 Bb7 14.Bb2 O-O 15.Rfe1 Rac8
16.Rad1 Rfd8 17.d5 c4 18.Bc2 e5 19.a4 a6 20.Bc1 b5 21.Bg5 f6 22.Be3 b4 23.Nh4 b3
24.Nf5 Bd6 25.Bb1 Nb6 26.Bxb6 Qxb6 27.Qg4 Qc7 28.Re3 Qd7 29.Qh4 Bf8 30.Rg3 Kh8
31.Rh3 g5 32.Qh5 Rc7 33.Qg6 Re8 34.Qxf6+ Bg7 35.Qg6 Bf8 36.Rxh7+ Qxh7 37.Qxe8  1-0

[Event "Chicago op"]
[Site "Chicago"]
[Date "1995.??.??"]
[Round "6"]
[White "Sokolin, Leonid M"]
[Black "Chow, Albert"]
[Result "1-0"]
[WhiteElo "2465"]
[BlackElo "2300"]

1.d4 Nf6 2.c4 e6 3.Nf3 b6 4.Nc3 Bb7 5.a3 d5 6.cxd5 exd5 7.g3 Be7 8.Qa4+ c6
9.Bg2 O-O 10.O-O Nbd7 11.Bf4 Nh5 12.Rad1 Nxf4 13.gxf4 a5 14.Ne5 Nxe5 15.fxe5 f5
16.f4 Kh8 17.Kh1 g5 18.fxg5 Bxg5 19.Rf3 f4 20.Bh3 Qe7 21.Qb3 Qc7 22.Rg1 Bh6
23.Na4 Ba6 24.Qc2 c5 25.Be6 Qc6 26.Rg6 Bxe2 27.Rh3  1-0

[Event "DEN-ch qual"]
[Site "Copenhagen"]
[Date "1995.??.??"]
[Round "5"]
[White "Hutters, Tomas"]
[Black "Brinck Claussen, Bjorn"]
[Result "1/2-1/2"]
[WhiteElo "2430"]
[BlackElo "2355"]

1.d4 Nf6 2.Nf3 e6 3.c4 b6 4.Nc3 Bb7 5.a3 d5 6.Qc2 Nbd7 7.cxd5 Nxd5 8.Nxd5 exd5
9.Bg5 Be7 10.Bxe7 Kxe7 11.e3 Nf6 12.Bd3 g6 13.O-O Qd6 14.b4 Rhc8 15.Qb2 c6
16.Rfc1 Nd7 17.Ne5 f6 18.Nxd7 Qxd7 19.Rc2 Qd8 20.Rb1 Rc7 21.Rc3 Kf7 22.Rbc1 Re7
23.a4 a6 24.g3 Qd6 25.a5 b5 26.Rc5 Rae8 27.Qe2 Kg7 28.Qf3 h5 29.h4 f5 30.Qf4 Qxf4
31.gxf4 Re6 32.Kf1 Kf8 33.Ke1 Rd8 34.Kd2 Ke7 35.Rg1 Rf8 36.Bf1 Bc8 37.Bg2 Kd6
38.Rcc1 Bd7 39.Rce1 Ref6 40.f3 Be6 41.Ke2 Re8 42.Kf2 Bf7 43.Bf1 Re7 44.Bd3 Kd7
45.Bc2 Kd6 46.Re2 Be6 47.Rg5 Bf7 48.Rg1 Be6 49.Rge1 Ref7 50.Kg3 Rf8 51.Rf2 Bd7
52.Rfe2  1/2-1/2

[Event "CZE-chT1a"]
[Site "?"]
[Date "1995.??.??"]
[Round "?"]
[White "Hrbolka, Ladislav"]
[Black "Votava, Jan"]
[Result "1/2-1/2"]
[WhiteElo "2255"]
[BlackElo "2395"]

1.Nf3 Nf6 2.d4 e6 3.c4 b6 4.Nc3 Bb7 5.e3 d5 6.Bd3 Be7 7.O-O O-O 8.cxd5 exd5
9.Ne5 c5 10.b3 Nc6 11.Nxc6 Bxc6 12.Ba3 Bd6 13.Rc1 Qc7 14.h3 Qe7 15.Bb1 Rac8
16.Bf5 Rc7 17.Re1 g6 18.Bd3 Rd8 19.Nb5 Bxb5 20.Bxb5 Ne4 21.Bb2 Qh4 22.Qf3 Bf8
23.dxc5 bxc5 24.Rc2 Bg7 25.Bxg7 Kxg7 26.Qg4 Qf6 27.Bd3 h5 28.Qf4 Qe7 29.Bxe4 dxe4
30.Rc4 f5 31.Rec1 Rd5 32.h4 Rcd7 33.g3  1/2-1/2